Statistiques concernant Bande Organisée - Couplet 5 : Soso Maness

Cliquez ici pour prendre le quiz!

Statistiques générales

  • Ce quiz a été pris 31 fois
  • Le résultat moyen est 60 sur 85

Statistiques - réponses

% Correct
à
100%
bar
100%
de
100%
fils
100%
baratin,
96%
cesse
96%
t'es
96%
ton
96%
Yo,
96%
qu'un
92%
3,
81%
avec
81%
j'ai
81%
la
81%
la
81%
le
81%
rap
81%
7
77%
à
77%
à
77%
base,
77%
et
77%
J'commence
77%
j'vise
77%
la
77%
les
77%
l'or,
77%
touché
77%
Yo,
77%
à
73%
assises
73%
c'était
73%
le
73%
platine,
73%
Poutine
73%
quinte
73%
un
73%
un
73%
bâtiment,
69%
Bolt
69%
cavale
69%
comme
69%
dans
69%
de
69%
département,
69%
Jeune
69%
j'offre
69%
le
69%
le
69%
mon
69%
Ricard
69%
Usain
69%
connais
65%
d'Zizou,
65%
Je
65%
le
65%
maniement
65%
peu
65%
peu
65%
pour
65%
rivière,
65%
soir,
65%
un
65%
ça
62%
carnaval
62%
Et
62%
fait :
62%
zumba,
62%
caféw,
58%
caféw,
58%
dans
58%
J'suis
58%
J'suis
58%
banal'
54%
la
54%
par
54%
ta
54%
teinté,
54%
trafiquant
54%
pisté
50%
d'Zampa,
42%
froisser
42%
l'4x4
42%
tain'p
38%
gold
8%

Distribution des résultats

Percentile par nombre de réponses

% des personnes avec chaque résultat

Votre développement - résultats

Vous n’avez pas pris ce quiz